Statistics for 2023 NHL playoff teams

Click here to take the quiz!

General Stats

  • This quiz has been taken 51 times
  • The average score is 15 of 16

Answer Stats

Answer% Correct
Golden Knights
97%
Hurricanes
97%
Oilers
97%
Stars
97%
Avalanche
95%
Islanders
95%
Panthers
95%
Rangers
95%
Bruins
92%
Devils
92%
Kraken
92%
Jets
86%
Kings
86%
Lightning
84%
Maple Leaves
81%
Wild
73%

Score Distribution

Percentile by Number Answered

Percent of People with Each Score

Your Score History

You have not taken this quiz